|
|
|
|
| LEADER |
01137cam a2200325Ia 4500 |
| 001 |
9780203032121 |
| 003 |
FlBoTFG |
| 005 |
20091230162920.0 |
| 006 |
a|||||s||||||||||| |
| 007 |
cr|||| |
| 008 |
920724s1993 enk sb 001 0 eng d |
| 020 |
|
|
|a 9780203032121 (e-book : PDF)
|
| 040 |
|
|
|a FlBoTFG
|c FlBoTFG
|d GrThAP
|
| 043 |
|
|
|a ff-----
|a e------
|a aw-----
|
| 090 |
|
|
|a KJA2930
|b .G37 1993
|
| 092 |
|
|
|a 340.59
|b G226
|
| 100 |
1 |
|
|a Gardner, Jane F.
|
| 245 |
1 |
0 |
|a Being a Roman citizen
|h [electronic resource] /
|c Jane F. Gardner.
|
| 260 |
|
|
|a London ;
|a New York :
|b Routledge,
|c 1993.
|
| 300 |
|
|
|a vii, 244 p.
|
| 504 |
|
|
|a Includes bibliographical references (p. 232-239) and index.
|
| 530 |
|
|
|a Also available in print edition.
|b CRC Press (http://www.crcpress.com)
|
| 538 |
|
|
|a Mode of access: World Wide Web.
|
| 650 |
|
0 |
|a Citizenship
|z Rome.
|
| 650 |
|
0 |
|a Capacity and disability (Roman law)
|
| 650 |
|
0 |
|a Roman law
|v Popular works.
|
| 651 |
|
0 |
|a Rome
|x Social life and customs.
|
| 655 |
|
7 |
|a Electronic books.
|2 lcsh
|
| 776 |
1 |
|
|z 9780415001540
|
| 856 |
4 |
0 |
|u http://www.tandfebooks.com/isbn/9780203032121
|z Full Text via HEAL-Link
|